000 00450nam a2200169Ia 4500
008 151213s9999 xx 000 0 und d
020 _a0-07-060089-9
100 _aAurther A., Thomson
245 _aGrafting & Executive Strategic MGT
_cAurther A., Thomson
250 _a14th
260 _aNew York
_bTata mc Graw hill
_c2006
300 _a4950 p.
650 _aManagement
650 _aManagement
700 _aAurther A., Thomson
999 _c3098
_d3098